| 000 | 00445nam a2200181Ia 4500 | ||
|---|---|---|---|
| 005 | 20250423095236.0 | ||
| 008 | 250422s9999 xx 000 0 und d | ||
| 020 | _a8176484423 | ||
| 050 | _a TD 194.6 .S57/ | ||
| 100 | _aShrivastava, A. K. | ||
| 245 | 0 | _aEnvironment impact assessment | |
| 260 | _aNew Delhi | ||
| 260 | _bAPH Publications | ||
| 260 | _c2018 | ||
| 300 | _a497 p | ||
| 650 | _a Environment impact analysis. | ||
| 942 | _cBK | ||
| 999 |
_c29678 _d29678 |
||